00693 2200253 4500001002100000005001500021020001800036035002400054040001200078082001800090084001800108090001800126100002600144245007000170250001100240260002800251300004300279504003000322650002700352850001200379990001600391990001600407990001600423YOGYA00000000010075520140823130052 a602-7544-10-4 0010-121300000000114 aYOPDYOG 2[22]a375.001 a375.001 Est T a375.001 Est T aESTI ISMAWATI, Hajjah aTelaah kurikulum dan pengembangan bahan ajarc/ Hj. Esti Ismawati aCet.1. aYogyakartabOmbakc2012 aix, 258 hlm.b. ilus.c; 21 cm (3 eks) aBibliografi ; hlm 256-258 aPengembangan kurikulum aYOPDYOG a5001/B.2013 a5002/B.2013 a5003/B.2013